The town councils of Roman Egypt /

محفوظ في:

المؤلف الرئيسي: Bowman, Alan K. (مؤلف)

التنسيق: كتاب

اللغة: English

منشور في: Toronto : A. M. Hakkert, 1971.

سلاسل: American Studies in Papyrology ; 11.
ASP ; 11.

الموضوعات:

الوسوم: إضافة وسم

لا توجد وسوم, كن أول من يضع وسما على هذه التسجيلة!

رقم الطلب: PA3339 .A51 v.11

LEADER 00896nam a22002897a 4500
003 OSt
005 20250929121117.0
008 250929t1971 onc g b 001 0 eng d
010 |a 76159259 
020 |a 0888660111 
040 |c ARCE Library 
043 |a f-ua--- 
050 1 4 |a PA3339  |b  .A51 v.11 
100 1 |a Bowman, Alan K.,  |e author 
245 1 4 |a The town councils of Roman Egypt /   |c [By] Alan K. Bowman. 
264 1 |a Toronto :   |b A. M. Hakkert,   |c 1971. 
300 |a xvi, 192 pages ;   |c 31 cm. 
490 1 |a American Studies in Papyrology ;   |v 11. 
490 1 |a ASP ;   |v 11. 
500 |a A revised version of the author's thesis, University of Toronto. 
504 |a Bibliography : pages xi-xvi. 
650 0 |a Municipal government  |z Egypt  |x History. 
830 0 |a American Studies in Papyrology ;   |v 11. 
830 0 |a ASP ;   |v 11. 
901 |a reviewed 
942 |c BK  |2 lcc 
999 |c 22324  |d 22324